[Event "Acropolis 2007"]
[Site "Athens"]
[Date "2007.08.14"]
[Round "1.39"]
[White "Ikonomopoulou, Maria"]
[Black "Zawadzka, Jolanta"]
[Result "1/2-1/2"]
[WhiteElo "2029"]
[BlackElo "2354"]
[Annotator "Michailidis Anastasios"]
[PlyCount "137"]
[EventDate "2007.08.14"]
[Source "Greek Chess Fed"]

1. e4 c5 2. Nf3 Nc6 3. d4 cxd4 4. Nxd4 Nf6 5. Nc3 d6 6. Bc4 e6 7. Be3 Be7 8.
Qe2 a6 9. Bb3 Qc7 10. O-O-O O-O 11. Rhg1 b5 12. g4 b4 13. Nxc6 Qxc6 14. Nd5
Nxd5 15. exd5 Qb7 16. dxe6 fxe6 17. Bd4 Bg5+ 18. Kb1 d5 19. Bc5 Bd7 20. h4 Bf4
21. Rd4 a5 22. Rgd1 Kh8 23. Bxf8 Rxf8 24. Bxd5 exd5 25. Qe7 Kg8 26. Rxd5 Bc8
27. Qc5 Qc7 28. Qd4 Be6 29. Rd8 Rxd8 30. Qxd8+ Qxd8 31. Rxd8+ Kf7 32. Ra8 Bxg4
33. Rxa5 Bd6 34. c4 bxc3 35. bxc3 Be6 36. a4 Ke7 37. Kc2 Kd7 38. Rg5 g6 39. Ra5
h5 40. Ra7+ Kc6 41. Rg7 Bf5+ 42. Kd2 Bf4+ 43. Ke2 Be5 44. Rf7 Bxc3 45. Ke3 Be5
46. Rf8 Kb6 47. Kf3 Bc2 48. Rg8 Bd6 49. Rg7 Bb4 50. Rg8 Be7 51. Kg3 Be4 52. Kf4
Bf5 53. Kg3 Bf6 54. Rf8 Be5+ 55. Kf3 Bc7 56. Ra8 Kb7 57. Rg8 Bb6 58. Kg3 Bd4
59. Rf8 Be5+ 60. Kf3 Kb6 61. Rg8 Bc3 62. Kf4 Bd2+ 63. Ke5 Be1 64. Kf6 Bxf2 65.
Rxg6 Bg4 66. Ke5+ Ka5 67. Kf4 Bd1 68. Rd6 Bg4 69. Rg6 1/2-1/2

[Event "Acropolis 2007"]
[Site "Athens"]
[Date "2007.08.14"]
[Round "1.40"]
[White "Karagiannis, Athanasios"]
[Black "Georgieva, Emilia"]
[Result "1-0"]
[WhiteElo "2349"]
[BlackElo "2023"]
[Annotator "Michailidis Anastasios"]
[PlyCount "57"]
[EventDate "2007.08.14"]
[Source "Greek Chess Fed"]

1. f4 d5 2. Nf3 c6 3. b3 Nf6 4. e3 Bg4 5. Bb2 e6 6. h3 Bxf3 7. Qxf3 Nbd7 8. g4
Ne4 9. h4 Qc7 10. Nc3 Nxc3 11. Bxc3 O-O-O 12. g5 f6 13. Bh3 Re8 14. O-O-O Ba3+
15. Kb1 b5 16. Rdg1 b4 17. Ba1 Nc5 18. gxf6 gxf6 19. d3 Rhf8 20. h5 Kb8 21. h6
e5 22. Rg7 Qd6 23. Bf5 exf4 24. Qxf4 Qxf4 25. exf4 Re2 26. Bxh7 Ne6 27. Rg8
Rxg8 28. Bxg8 Nxf4 29. Bf7 1-0

[Event "Acropolis 2007"]
[Site "Athens"]
[Date "2007.08.14"]
[Round "1.41"]
[White "Iordanidou, Zoi"]
[Black "Chigladze, Iveri"]
[Result "0-1"]
[WhiteElo "2005"]
[BlackElo "2341"]
[Annotator "Michailidis Anastasios"]
[PlyCount "70"]
[EventDate "2007.08.14"]
[Source "Greek Chess Fed"]

1. e4 Nf6 2. e5 Nd5 3. c4 Nb6 4. d4 d6 5. exd6 exd6 6. Nc3 g6 7. Be3 Bg7 8. Bd3
O-O 9. Nge2 Nc6 10. O-O Ne7 11. Ng3 d5 12. c5 Nc4 13. Bxc4 dxc4 14. Qe2 Be6 15.
Nge4 Nf5 16. Rad1 c6 17. Rd2 Re8 18. f3 b5 19. a3 a5 20. Bf2 Ra7 21. Rfd1 Rd7
22. Qf1 Bh6 23. Re2 Nxd4 24. Bxd4 Rxd4 25. Nd6 Rxd1 26. Qxd1 Re7 27. Nce4 Bg7
28. Rd2 Qb8 29. Nf5 Re8 30. Ne7+ Kh8 31. Nxc6 Qc7 32. Nd4 Bd7 33. Nd6 Rf8 34.
N6xb5 Bxb5 35. Nxb5 Qxc5+ 0-1

[Event "Acropolis 2007"]
[Site "Athens"]
[Date "2007.08.15"]
[Round "2.4"]
[White "Moutousis, Konstantinos"]
[Black "Macieja, Bartlomiej"]
[Result "1-0"]
[WhiteElo "2428"]
[BlackElo "2596"]
[Annotator "Michailidis Anastasios"]
[PlyCount "81"]
[EventDate "2007.08.14"]
[Source "Greek Chess Fed"]

1. Nf3 c5 2. c4 Nf6 3. d4 cxd4 4. Nxd4 Nc6 5. Nc3 e6 6. a3 Nxd4 7. Qxd4 b6 8.
Bg5 h6 9. Bh4 Bc5 10. Qd3 Be7 11. e4 d6 12. O-O-O O-O 13. Be2 Ba6 14. b3 d5 15.
exd5 exd5 16. Qf3 Ne4 17. Bxe7 Qxe7 18. Nxd5 Qe5 19. Kc2 Bb7 20. Qe3 Rfe8 21.
f3 Rac8 22. fxe4 Bxd5 23. Rxd5 Qxd5 24. exd5 Rxe3 25. Bd3 Kf8 26. Kc3 Rce8 27.
Ra1 Re1 28. Ra2 Ke7 29. b4 Kd6 30. Kd4 Rc1 31. a4 Re5 32. a5 Rg5 33. h3 Rg3 34.
axb6 axb6 35. Ra7 f5 36. Bxf5 Rd1+ 37. Ke4 Re1+ 38. Kf4 Rf1+ 39. Kxg3 Rxf5 40.
Rb7 Ke5 41. Rxb6 1-0

[Event "Acropolis 2007"]
[Site "Athens"]
[Date "2007.08.15"]
[Round "2.5"]
[White "Erdogdu, Mert"]
[Black "Graf, Alexander"]
[Result "1-0"]
[WhiteElo "2423"]
[BlackElo "2595"]
[Annotator "Michailidis Anastasios"]
[PlyCount "157"]
[EventDate "2007.08.14"]
[Source "Greek Chess Fed"]

1. e4 e5 2. Nf3 Nc6 3. Bb5 a6 4. Ba4 Nf6 5. O-O Be7 6. Re1 b5 7. Bb3 O-O 8. h3
Bb7 9. d3 d6 10. a3 Qd7 11. Nc3 Rab8 12. Nd5 Nxd5 13. exd5 Na7 14. d4 exd4 15.
Qxd4 Nc8 16. Qd3 Nb6 17. Bg5 Rbe8 18. Bxe7 Rxe7 19. Ng5 g6 20. Ne4 Qf5 21. Qd4
Nd7 22. Re3 Re5 23. Rae1 Rfe8 24. R1e2 h5 25. Rf3 Qxe4 26. Rxe4 Rxe4 27. Qc3
Nc5 28. Qf6 R4e7 29. c4 Nd7 30. Qf4 bxc4 31. Bxc4 Nb6 32. b3 Nxd5 33. Qh6 Re5
34. Kh2 R8e6 35. Qd2 Re7 36. Qh6 R7e6 37. Qd2 Re7 38. Qc2 Kg7 39. b4 Nf6 40.
Rc3 a5 41. b5 Nd7 42. Qa4 Rg5 43. Bf1 Nc5 44. Qxa5 Rf5 45. Rc2 Rf4 46. Qd2 Rfe4
47. Bc4 R4e5 48. Qd4 Kg8 49. a4 Be4 50. Ra2 Bf5 51. a5 Re8 52. a6 Ra8 53. Bd5
Ra7 54. Bc6 Be4 55. Re2 Bxc6 56. Rxe5 Bxb5 57. Rxc5 dxc5 58. Qxc5 Rxa6 59. Qxb5
Rf6 60. f3 c6 61. Qb8+ Kh7 62. Qc7 g5 63. Qe5 Kg6 64. h4 gxh4 65. Kh3 Rf5 66.
Qe4 Kf6 67. Kxh4 c5 68. f4 c4 69. Qxc4 Kg7 70. Qe4 Ra5 71. Qd4+ Kh7 72. Qf6 Ra7
73. Kxh5 Rb7 74. g4 Ra7 75. g5 Rc7 76. g6+ fxg6+ 77. Qxg6+ Kh8 78. Kh6 Rf7 79.
f5 1-0

[Event "Acropolis 2007"]
[Site "Athens"]
[Date "2007.08.15"]
[Round "2.7"]
[White "Morchiashvili, Bachana"]
[Black "Chatalbashev, Boris"]
[Result "1/2-1/2"]
[WhiteElo "2415"]
[BlackElo "2573"]
[Annotator "Michailidis Anastasios"]
[PlyCount "66"]
[EventDate "2007.08.14"]
[Source "Greek Chess Fed"]

1. c4 g6 2. Nc3 Bg7 3. g3 e5 4. Bg2 d6 5. d3 Nc6 6. Rb1 a5 7. e3 Nf6 8. Nge2
O-O 9. O-O Be6 10. Nd5 Qd7 11. Nec3 Nd8 12. Bd2 Ne8 13. e4 Nc6 14. Qb3 Rb8 15.
Qa4 Kh8 16. a3 Nd4 17. Qxa5 Nb3 18. Qa7 Nxd2 19. Qxb8 c6 20. Nb6 Qe7 21. Qa7
Nxb1 22. Rxb1 f5 23. exf5 Bxf5 24. Ne4 Nf6 25. Na4 d5 26. cxd5 cxd5 27. Nxf6
Qxf6 28. Bxd5 Bxd3 29. Re1 e4 30. Bxe4 Qd4 31. Qc5 Rxf2 32. Qxd4 Bxd4 33. Bxd3
Re2+ 1/2-1/2

[Event "Acropolis 2007"]
[Site "Athens"]
[Date "2007.08.15"]
[Round "2.8"]
[White "Dzagnidze, Nana"]
[Black "Rozentalis, Eduardas"]
[Result "0-1"]
[WhiteElo "2404"]
[BlackElo "2551"]
[Annotator "Michailidis Anastasios"]
[PlyCount "90"]
[EventDate "2007.08.14"]
[Source "Greek Chess Fed"]

1. d4 Nf6 2. c4 e6 3. Nc3 Bb4 4. Bg5 h6 5. Bh4 c5 6. d5 Bxc3+ 7. bxc3 d6 8. e3
Qe7 9. Qc2 Nbd7 10. Nf3 Nb6 11. Bd3 exd5 12. cxd5 Nbxd5 13. Rd1 a6 14. O-O Bg4
15. Be2 Be6 16. Rd2 O-O 17. Rfd1 Nc7 18. Rxd6 Rfd8 19. R6d2 Rxd2 20. Rxd2 Bd5
21. Qf5 Qe4 22. Bd3 Qxf5 23. Bxf5 Ne4 24. Bxe4 Bxe4 25. Ne5 f6 26. Nd7 Ne6 27.
Bxf6 Bc6 28. Nb6 Re8 29. Bh4 Nf4 30. Bg3 Nxg2 31. Kf1 Rf8 32. Nd7 Rf5 33. Ne5
Nxe3+ 34. Ke2 Nd5 35. Nxc6 bxc6 36. c4 Nb6 37. Rc2 Kf7 38. Ke3 Ke6 39. Bc7 Nd7
40. Rd2 Ne5 41. Rd6+ Ke7 42. Ke4 Rh5 43. Bb8 Nd7 44. Bc7 Nf6+ 45. Rxf6 Kxf6 0-1

[Event "Acropolis 2007"]
[Site "Athens"]
[Date "2007.08.15"]
[Round "2.9"]
[White "Romanishin, Oleg M"]
[Black "Can, Emre"]
[Result "1-0"]
[WhiteElo "2546"]
[BlackElo "2411"]
[Annotator "Michailidis Anastasios"]
[PlyCount "89"]
[EventDate "2007.08.14"]
[Source "Greek Chess Fed"]

1. d4 Nf6 2. Nf3 g6 3. g3 Bg7 4. Bg2 O-O 5. O-O d6 6. a4 a5 7. Nc3 Nbd7 8. b3
e5 9. dxe5 dxe5 10. Ba3 Re8 11. Nd2 Nb6 12. Qc1 Nfd5 13. Nxd5 Nxd5 14. Ne4 f5
15. Rd1 fxe4 16. Bxe4 c6 17. c4 Bf5 18. Bxf5 gxf5 19. cxd5 cxd5 20. Qc5 d4 21.
Qc4+ Kh8 22. e3 Rc8 23. Qb5 f4 24. exf4 exf4 25. Rac1 fxg3 26. hxg3 Rxc1 27.
Bxc1 Re5 28. Qxb7 h5 29. Bf4 Rc5 30. Re1 Rf5 31. Qc6 Kh7 32. Qe4 Qd5 33. Qd3
Kg8 34. Re8+ Kf7 35. Rb8 Qe6 36. Rb5 Rxb5 37. axb5 Ke8 38. Qh7 Kf8 39. Qd3 Ke8
40. Qf3 Qg6 41. Qa8+ Kf7 42. Qb7+ Kg8 43. b6 Kh7 44. Be5 d3 45. Bxg7 1-0

[Event "Acropolis 2007"]
[Site "Athens"]
[Date "2007.08.15"]
[Round "2.11"]
[White "Mastrovasilis, Dimitrios"]
[Black "Melia, Salome"]
[Result "1/2-1/2"]
[WhiteElo "2541"]
[BlackElo "2372"]
[Annotator "Michailidis Anastasios"]
[PlyCount "107"]
[EventDate "2007.08.14"]
[Source "Greek Chess Fed"]

1. e4 c5 2. Nf3 d6 3. d4 cxd4 4. Nxd4 Nf6 5. f3 Nc6 6. c4 Qb6 7. Nc2 g6 8. Nc3
Bg7 9. Rb1 Ng4 10. Qd2 Bh6 11. Qe2 Bxc1 12. Nd5 Qd8 13. Rxc1 e6 14. Nc3 Qg5 15.
Qd2 Qxd2+ 16. Kxd2 Nf6 17. Be2 Ke7 18. Rhd1 g5 19. Ke3 b6 20. Rd2 Bb7 21. Rcd1
Rhd8 22. Nb5 Ne8 23. g3 a6 24. Nc3 Rab8 25. Nd4 Nf6 26. Nxc6+ Bxc6 27. b4 Rbc8
28. c5 bxc5 29. bxc5 d5 30. Bxa6 Ra8 31. Bb5 Ra3 32. Bxc6 Rxc3+ 33. Ke2 Rxc5
34. exd5 Nxd5 35. Bxd5 exd5 36. Rb1 Ra8 37. Rb7+ Kf6 38. Rb6+ Kg7 39. Rd6 Rca5
40. Kf2 Rxa2 41. R6xd5 Rxd2+ 42. Rxd2 Ra3 43. g4 Kg6 44. Kg3 f6 45. Rd6 Rb3 46.
Ra6 Rc3 47. Ra8 Rb3 48. Rg8+ Kf7 49. Rh8 Kg7 50. Rc8 Kg6 51. Rg8+ Kf7 52. Rh8
Kg7 53. Rd8 Kg6 54. Rg8+ 1/2-1/2

[Event "Acropolis 2007"]
[Site "Athens"]
[Date "2007.08.15"]
[Round "2.12"]
[White "Khetsuriani, Besarion"]
[Black "Mastrovasilis, Athanasios"]
[Result "1/2-1/2"]
[WhiteElo "2367"]
[BlackElo "2538"]
[Annotator "Michailidis Anastasios"]
[PlyCount "99"]
[EventDate "2007.08.14"]
[Source "Greek Chess Fed"]

1. Nf3 Nf6 2. g3 d5 3. Bg2 Bg4 4. c4 Bxf3 5. Bxf3 c6 6. Qb3 Qb6 7. cxd5 Qxb3 8.
axb3 Nxd5 9. Nc3 Nb4 10. O-O Nd7 11. d3 e5 12. Ne4 f5 13. Nc3 Nc2 14. Ra2 Nc5
15. Na4 Nd4 16. Nxc5 Bxc5 17. Be3 Nxf3+ 18. exf3 Bxe3 19. fxe3 Ke7 20. Kf2 Rhd8
21. Ke2 Rd5 22. Rfa1 Rb5 23. Rxa7 Rxa7 24. Rxa7 Rxb3 25. Ra2 Kd6 26. Kd2 e4 27.
fxe4 fxe4 28. dxe4 g5 29. h3 h6 30. Ke2 Ke5 31. Kf3 c5 32. Ra8 Rxb2 33. Re8+
Kd6 34. e5+ Kd7 35. Rh8 Ke6 36. Re8+ Kd7 37. Rh8 c4 38. Ke4 c3 39. Kd3 c2 40.
Kd2 b5 41. Kc1 Ra2 42. Rb8 Ra3 43. Rxb5 Rxe3 44. Rb6 h5 45. Rh6 Rxg3 46. Rxh5
Rg2 47. Rh6 Ke7 48. e6 Kf8 49. Rg6 Ke7 50. Kb2 1/2-1/2

[Event "Acropolis 2007"]
[Site "Athens"]
[Date "2007.08.15"]
[Round "2.13"]
[White "Nikolaidis, Ioannis"]
[Black "Karagiannis, Athanasios"]
[Result "1-0"]
[WhiteElo "2525"]
[BlackElo "2349"]
[Annotator "Michailidis Anastasios"]
[PlyCount "111"]
[EventDate "2007.08.14"]
[Source "Greek Chess Fed"]

1. d4 d5 2. c4 dxc4 3. Nf3 Nf6 4. e3 e6 5. Bxc4 a6 6. O-O c5 7. b3 b5 8. Be2
Bb7 9. Bb2 Nbd7 10. Nbd2 cxd4 11. Nxd4 Bb4 12. a3 Bxd2 13. Qxd2 O-O 14. Rfd1
Nc5 15. Rac1 Rc8 16. b4 Na4 17. Ba1 Rxc1 18. Rxc1 Qa8 19. f3 Rc8 20. e4 Rxc1+
21. Qxc1 Qc8 22. Qxc8+ Bxc8 23. Kf2 Bd7 24. Nb3 Ne8 25. Ke3 f6 26. e5 Kf7 27.
Bd3 f5 28. Kd4 Bc8 29. Nc5 Nb6 30. Bc2 Nc7 31. Bb3 Ke7 32. Bc3 Bd7 33. Bd2 h6
34. Nd3 Ncd5 35. h4 Kd8 36. h5 Kc7 37. Nc5 Bc8 38. g4 fxg4 39. fxg4 Kd8 40. g5
hxg5 41. Bxg5+ Kc7 42. Ne4 Bd7 43. Nc5 Bc8 44. Ba2 Kc6 45. Ne4 Bd7 46. Nf6 Ne7
47. Bb1 Nf5+ 48. Bxf5 exf5 49. Nxd7 Kxd7 50. Bf6 gxf6 51. h6 fxe5+ 52. Kxe5 f4
53. h7 f3 54. h8=Q f2 55. Qh3+ Kd8 56. Ke6 1-0

[Event "Acropolis 2007"]
[Site "Athens"]
[Date "2007.08.15"]
[Round "2.16"]
[White "Esen, Baris"]
[Black "Dounis, Alexandros"]
[Result "1-0"]
[WhiteElo "2441"]
[BlackElo "2190"]
[Annotator "Michailidis Anastasios"]
[PlyCount "83"]
[EventDate "2007.08.14"]
[Source "Greek Chess Fed"]

1. d4 Nf6 2. c4 g6 3. Nf3 Bg7 4. g3 O-O 5. Bg2 d5 6. cxd5 Nxd5 7. O-O Nc6 8.
Nc3 Nb6 9. d5 Na5 10. Qc2 e6 11. dxe6 Bxe6 12. Rd1 Qe7 13. Nd4 Bc4 14. b3 c5
15. Ba3 Rfd8 16. e3 Qe5 17. Nde2 Ba6 18. Bb2 Nc6 19. a3 Rac8 20. Rac1 Bxe2 21.
Qxe2 Qe6 22. Qb5 Ne5 23. Bxb7 Rb8 24. Rxd8+ Rxd8 25. Rd1 Rxd1+ 26. Nxd1 h5 27.
Qxc5 Nd3 28. Qc2 Nxb2 29. Nxb2 Qe7 30. Bg2 Qxa3 31. Nd3 Qa1+ 32. Bf1 Qc3 33.
Qd1 Nd7 34. h4 a5 35. Kg2 Kh7 36. Nf4 Ne5 37. Be2 Qb4 38. Qc2 Qb7+ 39. Kg1 Qb4
40. Nxh5 Bh8 41. Nf4 Qb6 42. h5 1-0

[Event "Acropolis 2007"]
[Site "Athens"]
[Date "2007.08.15"]
[Round "2.17"]
[White "Svetushkin, Dmitry"]
[Black "Kadimova, Ilaha"]
[Result "1-0"]
[WhiteElo "2618"]
[BlackElo "2316"]
[Annotator "Michailidis Anastasios"]
[PlyCount "113"]
[EventDate "2007.08.14"]
[Source "Greek Chess Fed"]

1. e4 c6 2. d4 d5 3. Nc3 dxe4 4. Nxe4 Bf5 5. Ng3 Bg6 6. h4 h6 7. Nf3 Nd7 8. h5
Bh7 9. Bd3 Bxd3 10. Qxd3 e6 11. Bf4 Qa5+ 12. Bd2 Qc7 13. O-O-O Ngf6 14. Ne4
O-O-O 15. g3 Nxe4 16. Qxe4 Nf6 17. Qe2 Bd6 18. Kb1 Rhe8 19. c4 c5 20. Bc3 cxd4
21. Nxd4 a6 22. Rhe1 Rd7 23. Nb3 Qc6 24. c5 Bc7 25. Rxd7 Qxd7 26. Rc1 Qc6 27.
Bxf6 gxf6 28. Qe3 Rd8 29. Qxh6 Qf3 30. Rc2 Be5 31. Qe3 Qxe3 32. fxe3 Bxg3 33.
Rg2 Be5 34. Nd2 Kd7 35. Nc4 Rh8 36. Kc2 Rxh5 37. Rg7 Ke7 38. Rg8 Bc7 39. b4 a5
40. a3 axb4 41. axb4 Rd5 42. Kb3 f5 43. Ka4 Rd8 44. Rg2 Ra8+ 45. Kb5 e5 46. Nb6
Rd8 47. Ra2 f4 48. e4 Bb8 49. Nd5+ Kd7 50. Kb6 Kc8 51. b5 Rd7 52. c6 bxc6 53.
bxc6 Ra7 54. Rxa7 Bxa7+ 55. Kxa7 f3 56. Kb6 f2 57. Ne3 1-0

[Event "Acropolis 2007"]
[Site "Athens"]
[Date "2007.08.15"]
[Round "2.18"]
[White "Kotronias, Vasilios"]
[Black "Burtasova, Anna"]
[Result "1-0"]
[WhiteElo "2602"]
[BlackElo "2337"]
[Annotator "Michailidis Anastasios"]
[PlyCount "63"]
[EventDate "2007.08.14"]
[Source "Greek Chess Fed"]

1. e4 e5 2. Nf3 Nc6 3. Bb5 a6 4. Ba4 d6 5. c3 Bd7 6. d4 g6 7. d5 Nce7 8. Bxd7+
Qxd7 9. O-O Bg7 10. c4 h6 11. Nc3 f5 12. Qb3 Rb8 13. c5 b5 14. a4 b4 15. Nd2
Nf6 16. f3 O-O 17. Ne2 Kh7 18. Qd3 dxc5 19. Nc4 fxe4 20. fxe4 Qg4 21. Ng3 Nd7
22. Bd2 c6 23. Ne3 c4 24. Qxc4 cxd5 25. Qxa6 Qh4 26. Qa7 Rbd8 27. Rxf8 Nxf8 28.
Qb6 Rc8 29. exd5 Nxd5 30. Nxd5 Rd8 31. Bxb4 Rxd5 32. Bxf8 1-0

[Event "Acropolis 2007"]
[Site "Athens"]
[Date "2007.08.15"]
[Round "2.19"]
[White "Banikas, Hristos"]
[Black "Pavlidis, Antonios"]
[Result "1-0"]
[WhiteElo "2567"]
[BlackElo "2175"]
[Annotator "Michailidis Anastasios"]
[PlyCount "91"]
[EventDate "2007.08.14"]
[Source "Greek Chess Fed"]

1. Nf3 Nf6 2. c4 c6 3. Nc3 d5 4. e3 e6 5. Qc2 Nbd7 6. b3 Bd6 7. Bb2 O-O 8. Be2
b6 9. cxd5 cxd5 10. Nb5 Bc5 11. a3 a6 12. Nbd4 Bb7 13. b4 Bd6 14. Rc1 Rc8 15.
Qb1 Rxc1+ 16. Qxc1 Qb8 17. Qa1 Rc8 18. O-O Rc7 19. g3 Ne5 20. Nxe5 Bxe5 21. f4
Bd6 22. Nf3 Ne8 23. Bd4 b5 24. g4 f6 25. g5 Rf7 26. Rf2 Qd8 27. h4 Qe7 28. Bd3
e5 29. fxe5 fxe5 30. Nxe5 Rxf2 31. Kxf2 Bxe5 32. Bxe5 h6 33. Bf4 Nd6 34. Bxd6
Qxd6 35. Qh1 Qe7 36. Qh2 Bc8 37. Qf4 Qe6 38. Be2 Bd7 39. Bf3 Be8 40. Qg4 Qd6
41. gxh6 Qxh6 42. Bxd5+ Kh8 43. Qf4 Qh5 44. Qf8+ Kh7 45. Qg8+ Kh6 46. Qh8+ 1-0

[Event "Acropolis 2007"]
[Site "Athens"]
[Date "2007.08.15"]
[Round "2.21"]
[White "Exizoglou, Dimitrios"]
[Black "Krivoborodov, Egor"]
[Result "1/2-1/2"]
[WhiteElo "2224"]
[BlackElo "2403"]
[Annotator "Michailidis Anastasios"]
[PlyCount "68"]
[EventDate "2007.08.14"]
[Source "Greek Chess Fed"]

1. e4 c5 2. Nf3 Nc6 3. d4 cxd4 4. Nxd4 Nf6 5. Nc3 d6 6. Be2 e6 7. Be3 Be7 8.
O-O O-O 9. Qd2 a6 10. f4 Qc7 11. Kh1 Rd8 12. Nb3 b5 13. Bf3 Bb7 14. Qf2 Nd7 15.
Rad1 Bf6 16. Rd2 Bxc3 17. bxc3 Ne7 18. Rfd1 d5 19. f5 dxe4 20. fxe6 fxe6 21.
Bg4 Bd5 22. Nd4 Qc4 23. Qh4 Ng6 24. Qh3 Re8 25. Nxe6 Bxe6 26. Bxe6+ Rxe6 27.
Rxd7 Rf6 28. Qg3 Rf1+ 29. Rxf1 Qxf1+ 30. Bg1 Rf8 31. h3 Rf7 32. Rd8+ Rf8 33.
Rd7 Rf7 34. Rd8+ Rf8 1/2-1/2

[Event "Acropolis 2007"]
[Site "Athens"]
[Date "2007.08.15"]
[Round "2.22"]
[White "Papadopoulos, Ioannis"]
[Black "Ikonomopoulou, Maria"]
[Result "1-0"]
[WhiteElo "2395"]
[BlackElo "2029"]
[Annotator "Michailidis Anastasios"]
[PlyCount "49"]
[EventDate "2007.08.14"]
[Source "Greek Chess Fed"]

1. c4 e5 2. Nc3 Nc6 3. g3 g6 4. e3 Bg7 5. Nge2 d6 6. Bg2 h5 7. h4 Bg4 8. Rb1 a5
9. a3 Qd7 10. b4 axb4 11. axb4 e4 12. Nxe4 Ne5 13. Qc2 Nf3+ 14. Kf1 Qf5 15. d3
Bh6 16. Nf4 b6 17. Nd5 Rh7 18. Nxc7+ Ke7 19. Nxa8 g5 20. c5 d5 21. Nd6 Qe6 22.
Nc7 Qd7 23. Nxd5+ Kf8 24. Nxb6 Qe7 25. Qa4 1-0

[Event "Acropolis 2007"]
[Site "Athens"]
[Date "2007.08.15"]
[Round "2.24"]
[White "Filippas, Sebastian"]
[Black "Grigoriadis, Alexandros"]
[Result "1-0"]
[WhiteElo "2145"]
[BlackElo "2362"]
[Annotator "Michailidis Anastasios"]
[PlyCount "59"]
[EventDate "2007.08.14"]
[Source "Greek Chess Fed"]

1. e4 e5 2. f4 exf4 3. Bc4 Qh4+ 4. Kf1 d6 5. d4 g5 6. Nc3 c6 7. Nf3 Qh5 8. h4
f6 9. Kg1 g4 10. Ne1 Bh6 11. Ne2 Qg6 12. Bd3 f5 13. exf5 Bxf5 14. Nxf4 Bxf4 15.
Bxf4 Ne7 16. Qe2 Rf8 17. Bxf5 Rxf5 18. Nd3 h6 19. Re1 Rf7 20. Qe6 Qxe6 21. Rxe6
Nd7 22. Bxd6 Nf8 23. Rxe7+ Rxe7 24. Bxe7 Kxe7 25. Kf2 Ne6 26. Re1 Kf6 27. c3
Rg8 28. Re5 Rg7 29. Kg3 Rg8 30. Nf2 1-0

[Event "Acropolis 2007"]
[Site "Athens"]
[Date "2007.08.15"]
[Round "2.25"]
[White "Zawadzka, Jolanta"]
[Black "Makropoulou, Marina"]
[Result "1/2-1/2"]
[WhiteElo "2354"]
[BlackElo "2266"]
[Annotator "Michailidis Anastasios"]
[PlyCount "111"]
[EventDate "2007.08.14"]
[Source "Greek Chess Fed"]

1. e4 e5 2. Nf3 Nc6 3. Bb5 a6 4. Ba4 Nf6 5. O-O Bc5 6. c3 b5 7. Bb3 d6 8. a4
Rb8 9. d4 Bb6 10. axb5 axb5 11. Na3 O-O 12. Nxb5 Bg4 13. h3 Bxf3 14. Qxf3 exd4
15. Bg5 Ne5 16. Qd1 dxc3 17. Nxc3 h6 18. Bh4 Ng6 19. Bg3 Bc5 20. Kh1 Rb4 21.
Bc2 Qb8 22. f4 Re8 23. e5 dxe5 24. Bxg6 fxg6 25. fxe5 Nh5 26. Qd5+ Kh7 27. Bh2
Be3 28. Rae1 Bf4 29. Qd7 Bxh2 30. Kxh2 c5 31. Qd6 Rxb2 32. Qxb8 Rexb8 33. Nd5
Rd2 34. Rd1 Re2 35. Rde1 Rd2 36. Ne3 g5 37. h4 Nf4 38. hxg5 hxg5 39. Kg3 Kg6
40. Rd1 Ne2+ 41. Kf3 Rf8+ 42. Kg4 Rxf1 43. Rxf1 Nf4 44. Ra1 Nxg2 45. Ra6+ Kh7
46. Nf5 Nh4 47. Kxg5 Nxf5 48. Kxf5 g6+ 49. Kf6 Rf2+ 50. Ke7 g5 51. e6 Kg7 52.
Kd7 Re2 53. Rc6 Kf6 54. Rxc5 Rd2+ 55. Ke8 Kxe6 56. Rxg5 1/2-1/2

[Event "Acropolis 2007"]
[Site "Athens"]
[Date "2007.08.15"]
[Round "2.26"]
[White "Malakhatko, Vadim"]
[Black "Parginos, Vassilios"]
[Result "1-0"]
[WhiteElo "2596"]
[BlackElo "2226"]
[Annotator "Michailidis Anastasios"]
[PlyCount "37"]
[EventDate "2007.08.14"]
[Source "Greek Chess Fed"]

1. d4 d5 2. c4 e6 3. Nc3 c5 4. cxd5 cxd4 5. Qa4+ Bd7 6. Qxd4 exd5 7. Qxd5 Nf6
8. Qb3 Nc6 9. Nf3 Bc5 10. Bg5 h6 11. Bxf6 Qxf6 12. Ne4 Qe7 13. Nxc5 Qxc5 14. e3
Qa5+ 15. Qc3 Nb4 16. Nd4 Rc8 17. Qd2 Ba4 18. b3 O-O 19. a3 1-0

[Event "Acropolis 2007"]
[Site "Athens"]
[Date "2007.08.15"]
[Round "2.27"]
[White "Kapnisis, Spyridon"]
[Black "Kokolias, Konstantinos"]
[Result "1-0"]
[WhiteElo "2412"]
[BlackElo "2224"]
[Annotator "Michailidis Anastasios"]
[PlyCount "97"]
[EventDate "2007.08.14"]
[Source "Greek Chess Fed"]

1. e4 e5 2. Nf3 Nc6 3. Bc4 Bc5 4. c3 Nf6 5. d3 a6 6. O-O d6 7. Bb3 Ba7 8. Be3
O-O 9. h3 Ne7 10. Nh4 Be6 11. Bxa7 Rxa7 12. f4 exf4 13. Rxf4 Bxb3 14. axb3 Ng6
15. Nxg6 hxg6 16. Nd2 Nh5 17. Rf2 Qg5 18. Qf3 Raa8 19. g4 f5 20. exf5 Rxf5 21.
Ne4 Rxf3 22. Nxg5 Rxf2 23. Kxf2 Nf4 24. Ke3 Ne6 25. Nxe6 Re8 26. b4 Rxe6+ 27.
Kd2 c6 28. c4 g5 29. Ra5 Rh6 30. b5 axb5 31. cxb5 cxb5 32. Rxb5 Rxh3 33. Rxb7
Rg3 34. Rb4 Kf7 35. Rd4 Ke6 36. b4 Rf3 37. Ke2 Rf7 38. Re4+ Kd5 39. Kd2 Rf4 40.
Rxf4 gxf4 41. g5 Kc6 42. Ke2 Kb5 43. Kf3 Kxb4 44. Kxf4 g6 45. Ke3 Kb5 46. Kd4
Kc6 47. Kc4 Kd7 48. Kd5 Ke7 49. Kc6 1-0

[Event "Acropolis 2007"]
[Site "Athens"]
[Date "2007.08.15"]
[Round "2.28"]
[White "Delithanasis, Dimitrios"]
[Black "Krivec, Jana"]
[Result "1/2-1/2"]
[WhiteElo "2217"]
[BlackElo "2340"]
[Annotator "Michailidis Anastasios"]
[PlyCount "36"]
[EventDate "2007.08.14"]
[Source "Greek Chess Fed"]

1. d4 d5 2. Nf3 c5 3. c3 Nf6 4. dxc5 e6 5. Be3 a5 6. Ne5 Qc7 7. Nd3 Nbd7 8. Qa4
e5 9. Na3 Ne4 10. Nb5 Qb8 11. b4 Be7 12. Qb3 axb4 13. cxb4 d4 14. Bc1 Ndf6 15.
f3 Bd7 16. Qc4 Be6 17. Qc2 Bd7 18. Qc4 Bh3 1/2-1/2

[Event "Acropolis 2007"]
[Site "Athens"]
[Date "2007.08.15"]
[Round "2.29"]
[White "Kotrotsos, Vasilios"]
[Black "Kanakaris, Georgios"]
[Result "0-1"]
[WhiteElo "2337"]
[BlackElo "2216"]
[Annotator "Michailidis Anastasios"]
[PlyCount "98"]
[EventDate "2007.08.14"]
[Source "Greek Chess Fed"]

1. e4 c5 2. Nf3 d6 3. d4 cxd4 4. Nxd4 Nf6 5. Nc3 a6 6. Bc4 e6 7. Bb3 b5 8. Bg5
Be7 9. Qf3 Qc7 10. O-O-O Nbd7 11. Rhe1 Ne5 12. Qe2 b4 13. Nb1 Bd7 14. f4 Nc6
15. e5 dxe5 16. fxe5 Nd5 17. Bxe7 Ncxe7 18. Nd2 O-O 19. Kb1 a5 20. Nb5 Bxb5 21.
Qxb5 a4 22. Bxa4 Ra5 23. Qd7 Qb8 24. Nb3 Rd8 25. Rxd5 Nxd5 26. Qc6 Rc8 27. Nxa5
Rxc6 28. Nxc6 Qb6 29. Rd1 g6 30. Nd4 Ne3 31. Rd3 Nxg2 32. Nf3 Qf2 33. a3 Ne3
34. Nd2 Qe1+ 35. Ka2 Nd5 36. Nf3 Qe4 37. Bb3 Nf4 38. Rd8+ Kg7 39. Nd2 Qxe5 40.
axb4 Qb5 41. c3 h5 42. Ka3 Qa6+ 43. Ba4 Nd5 44. Nb3 Nb6 45. Nc5 Qe2 46. Bb3
Qxh2 47. c4 Qg1 48. Ka2 h4 49. Rd1 Qg4 0-1